Yves Klein : (Record no. 27156)

000 -LEADER
fixed length control field 01857cam a22003494a 4500
001 - CONTROL NUMBER
control field 16092658
005 - DATE AND TIME OF LATEST TRANSACTION
control field 20170207142558.0
008 - FIXED-LENGTH DATA ELEMENTS--GENERAL INFORMATION
fixed length control field 100216s2010 mnua bc 000 0 eng
010 ## - LIBRARY OF CONGRESS CONTROL NUMBER
LC control number 2010005492
020 ## - INTERNATIONAL STANDARD BOOK NUMBER
International Standard Book Number 9780935640946 (north american trade edition : alk. paper)
020 ## - INTERNATIONAL STANDARD BOOK NUMBER
International Standard Book Number 9783775726498 (rest of world trade edition : alk. paper)
040 ## - CATALOGING SOURCE
Original cataloging agency DLC
Transcribing agency DLC
050 00 - LIBRARY OF CONGRESS CALL NUMBER
Classification number N6853
Item number .K5A4 2010
100 1# - MAIN ENTRY--PERSONAL NAME
Personal name Klein, Yves,
Dates associated with a name 1928-1962.
245 10 - TITLE STATEMENT
Title Yves Klein :
Remainder of title with the void, full powers /
Statement of responsibility, etc. organized by Kerry Brougher, and Philippe Vergne ; texts by Kerry Brougher ... et al.
250 ## - EDITION STATEMENT
Edition statement 1st English language ed.
260 ## - PUBLICATION, DISTRIBUTION, ETC. (IMPRINT)
Place of publication, distribution, etc. Minneapolis, MN :
Name of publisher, distributor, etc. Walker Art Center ;
Place of publication, distribution, etc. Washington, DC :
Name of publisher, distributor, etc. Hirshhorn Museum and Sculpture Garden,
Date of publication, distribution, etc. 2010.
300 ## - PHYSICAL DESCRIPTION
Extent 352 p. :
Other physical details ill. (some col.) ;
Dimensions 26 cm.
504 ## - BIBLIOGRAPHY, ETC. NOTE
Bibliography, etc Includes bibliographical references (p. 337).
600 10 - SUBJECT ADDED ENTRY--PERSONAL NAME
Personal name Klein, Yves,
Dates associated with a name 1928-1962
Form subdivision Exhibitions.
600 10 - SUBJECT ADDED ENTRY--PERSONAL NAME
Personal name Klein, Yves,
Dates associated with a name 1928-1962
General subdivision Criticism and interpretation.
700 1# - ADDED ENTRY--PERSONAL NAME
Personal name Brougher, Kerry.
700 1# - ADDED ENTRY--PERSONAL NAME
Personal name Vergne, Philippe.
710 2# - ADDED ENTRY--CORPORATE NAME
Corporate name or jurisdiction name as entry element Hirshhorn Museum and Sculpture Garden.
710 2# - ADDED ENTRY--CORPORATE NAME
Corporate name or jurisdiction name as entry element Walker Art Center.
942 ## - ADDED ENTRY ELEMENTS (KOHA)
Source of classification or shelving scheme
Koha item type Hard Covered Materials
Classification part N6853 .K5A4 2010
Holdings
Withdrawn status Lost status Source of classification or shelving scheme Damaged status Not for loan Home library Current library Shelving location Date acquired Source of acquisition Total Checkouts Full call number Barcode Date last seen Price effective from Koha item type
          MACHAKOS UNIVERSITY LIBRARY MACHAKOS UNIVERSITY LIBRARY Open shelf 07/02/2017 Donation(BFA)   N6853 .K5A4 2010 34857 07/02/2017 07/02/2017 Hard Covered Materials
© Machakos University Library, Along The Highway, Machakos Wote Rd, Machakos, Kenya P.O. Box 136 - 90100 Machakos - Kenya

Tel: ( +254 ) 723 805829 OR Fax : 044-20353 OR Email: library@mksu.ac.ke